000 00867cam a2200277 a 4500
001 4967656
005 20180119034937.0
008 961105s1997 caua b 001 0 eng d
010 _a 97116792
020 _a0940899329 (pbk.)
035 _a(OCoLC)35846335
040 _aCPom
_cCPom
_dDLC
041 _aeng
042 _alccopycat
080 _a339.138 SMI
082 _a339.138 SMI
100 1 _a60
101 _aMAR
245 1 0 _aArt marketing 101 :
_c[Constance Smith]
246 3 0 _aArt marketing one hundred one
246 3 0 _aArt marketing one hundred and one
504 _aIncludes bibliographical references and index.
906 _a7
_bcbc
_ccopycat
_d2
_encip
_f19
_gy-gencatlg
942 _2ddc
_cBK
999 _c40526
_d40526